Score 0/28 Timer 06:00
22 Plays Today
% Correct
Winston
98.6%
William
98.1%
Charles
98%
Margaret
97.4%
Agatha
96.8%
Isaac
96.5%
Florence
95.8%
Anne
95.6%
Jane
95%
George
94.1%
Oliver
90.9%
Neville
87.1%
Francis
86.8%
Walter
85.9%
% Correct
Beatrix
85.1%
Geoffrey
84.4%
Horatio
78%
Christopher
66.6%
Clement
63.1%
Samuel
57.5%
Edmund
56.6%
Emmeline
54.8%
Jeremy
46%
Bernard
45.5%
Horace
45.2%
J.M.W.
41.4%
Inigo
38.2%
Margery
32.6%
Remove Ads.
Support Sporcle.
Get the best of Sporcle when you Go Orange. This ad-free experience offers more features, more stats, and more fun while also helping to support Sporcle. Thank you for becoming a member.

You're not logged in!

Compare scores with friends on all Sporcle quizzes.
OR
Log In

Show Comments

Extras

Top Quizzes Today


Score Distribution

Your Account Isn't Verified!

In order to create a playlist on Sporcle, you need to verify the email address you used during registration. Go to your Sporcle Settings to finish the process.

Report this User

Report this user for behavior that violates our Community Guidelines.

Details: